Introducción a la psicología clínica

Na minha lista:
Detalhes bibliográficos
Principais autores: Compas, Bruce E (Autor), Gotlib, Ian H (Autor)
Formato: Livro
Idioma:espanhol
Publicado em: Ciudad de México McGraw-Hill 2003
Assuntos:
Tags: Adicionar Tag
Sem tags, seja o primeiro a adicionar uma tag!

MARC

LEADER 00000nam a2200000 a 4500
001 UCL3536
003 CL-VaPUC
008 031128e20030000MX |||||||||||||||||spa|d
020 |a 970104021X 
082 0 4 |a 157.9  |b COM  |2 21 
100 0 |a Compas, Bruce E  |e author  |9 480849 
700 0 |a Gotlib, Ian H  |e author  |9 480850 
245 1 0 |a Introducción a la psicología clínica 
300 |a 561 p 
942 |c BK 
945 |d 20031128 00:00:00  |a cmena 
260 |a Ciudad de México  |b McGraw-Hill  |c 2003 
500 |a Incluye cd en inglés 
650 0 |a Psicología clínica  |9 307259 
650 0 |a Psicopatología   |9 307473 
583 |a last modification  |c 20031128 00:00:00  |k Rodrigo Vera 
999 |c 306562  |d 306560 
952 |0 0  |1 0  |4 0  |6 157_900000000000000_COM_2003  |7 0  |8 A  |9 371666  |a BIBEDU  |b BIBEDU  |d 2019-11-21  |i 3966313  |o 157.9 COM 2003  |p 3966313  |r 2019-11-21  |w 2019-11-21  |y BK  |k PSI